Statistics for The Three Most Guessed ....

Click here to take the quiz!

General Stats

  • This quiz has been taken 91 times
  • The average score is 43 of 66

Answer Stats

Quiz % Answer % Correct
Countries97%United States
99%
US Cities100%New York City
97%
African Countries97%South Africa
96%
People in History93%Jesus Christ
93%
Official Languages99%English
93%
European Cities96%Rome
93%
Official Languages99%Spanish
92%
European Cities99%London
92%
European Cities99%Paris
92%
African Countries97%Egypt
90%
States96%California
89%
Official Languages99%French
89%
US Presidents98%Barack Obama
87%
Countries96%Russia
86%
European Cities96%Berlin
86%
US Presidents97%George W. Bush
85%
Fast Food Restaurants99%McDonald's
85%
Countries96%Canada
83%
US Presidents97%Donald J. Trump
83%
Chinese Cities99%Beijing
83%
States96%Texas
82%
Longest Rivers98%Nile
82%
People in History72%George Washington
80%
US Cities98%Los Angeles
80%
States94%Florida
79%
World Religions98%Islam
77%
Longest Rivers95%Amazon
76%
Champions League Winners98%Real Madrid
75%
Elements95%Oxygen
75%
US Cities94%Chicago
75%
African Countries93%Niger
73%
World Religions95%Christianity
73%
Chinese Cities96%Shanghai
72%
Chinese Cities85%Hong Kong
69%
Elements96%Hydrogen
69%
U.S. Boy Names96%John / Jonathan / Jack
69%
Fast Food Restaurants96%Burger King
68%
Shakespeare Plays94%Romeo and Juliet
66%
Islands96%Madagascar
65%
Longest Rivers91%Mississippi
63%
Champions League Winners99%FC Barcelona
63%
Official Languages99%Portuguese
59%
World Religions93%Buddhism
58%
US State Capitals85%Sacramento
58%
Elements93%Helium
56%
Islands98%Greenland
56%
Shakespeare Plays89%Hamlet
56%
Champions League Winners96%Manchester United
51%
Shakespeare Plays82%Macbeth
51%
James Bond Films85%Goldfinger
46%
U.S. Girl Names81%Mary
41%
Islands95%Ireland
38%
U.S. Boy Names85%James
37%
N. American Pro Sports Teams91%New England Patriots
35%
People in History74%Adolf Hitler
32%
N. American Pro Sports Teams96%Cincinnati Reds
32%
James Bond Films87%Skyfall
30%
U.S. Girl Names82%Elizabeth / Betty
28%
James Bond Films89%Casino Royale
28%
US State Capitals82%Denver
27%
N. American Pro Sports Teams91%NY / SF Giants
27%
US State Capitals80%Honolulu
25%
U.S. Girl Names78%Anna / Annie
20%
N. American Pro Sports Teams91%NY / Winnipeg Jets
14%
U.S. Boy Names84%William
13%
Fast Food Restaurants96%Starbucks
13%

Score Distribution

Percentile by Number Answered

Percent of People with Each Score

Your Score History

You have not taken this quiz